Normal view
MARC view
Entry Topical Term
001 - CONTROL NUMBER
- control field: 15274
003 - CONTROL NUMBER IDENTIFIER
- control field: BD-RjUL
005 - DATE AND TIME OF LATEST TRANSACTION
- control field: 20250417145209.0
008 - FIXED-LENGTH DATA ELEMENTS
- fixed length control field: 250417|| aca||aabn | a|a d
040 ## - CATALOGING SOURCE
- Original cataloging agency: BD-RjUL
- Transcribing agency: BD-RjUL
150 ## - HEADING--TOPICAL TERM
- Topical term or geographic name entry element: Pollution
- General subdivision: Law and legislation
- Geographic subdivision: India
670 ## - SOURCE DATA FOUND
- Source citation: Work cat.: (BD-RjUL)84829: Encyclopaedia of ecology, environment and pollution : , 2003